| 000 | 01030nam a2200253 i 4500 | ||
|---|---|---|---|
| 001 | bg | ||
| 245 | 0 | 0 |
_aKadry morskie Rzeczypospolitej. _nT. 1, _pPolska Marynarka Handlowa, absolwenci Szkół Morskich 1922-1999 / _cpod red. Jana Kazimierza Sawickiego. |
| 250 | _aWyd. 2, popr. i rozsz. | ||
| 260 |
_aGdynia : _bPracownia Historii Wyższej Szkoły Morskiej, _c2000. |
||
| 300 |
_aC, 663, [5] s., [1] k. tabl. złoż. : _bil. (w tym kolor.) ; _c24 cm. |
||
| 500 | _aTyt. równol.: Polish marine staff. Vol. 1, Polish merchant navy : graduates of marine schools 1922-1999. - Tekst częśc. równol. pol., ang. | ||
| 650 | 9 |
_aAbsolwenci szkół wyższych _zPolska _y20 w. |
|
| 650 | 9 |
_aMarynarze _zPolska _y20 w. |
|
| 650 | 9 |
_aŻegluga _xszkolnictwo wyższe _zPolska _y20 w. |
|
| 655 | _aSpisy | ||
| 700 | 1 |
_aSAWICKI, Jan Kazimierz. _eRed. |
|
| 020 | _a838858300X | ||
| 040 | _cBPK | ||
| 041 | 0 | _aplen | |
| 080 | _a378.665.661(438)"19" | ||
| 920 | _a83-88583-00-X | ||
| 942 | _cKS | ||
| 008 | s pl f |000 0 pol | ||
| 999 |
_c40952 _d40952 |
||
| 856 |
_uhttp://koha.tu.koszalin.pl/cgi-bin/koha/opac-detail.pl?biblionumber=40952 _yKatalog online BPK |
||